000
00298nam a2200121 4500
999
_c
11285
_d
11285
003
OSt
005
20230216182302.0
008
230216b ||||| |||| 00| 0 eng d
100
_a
Albert O Hulse
245
_a
Architectural rendering
260
_a
New York
_b
McGraw hill book company
942
_2
ddc